| 000 | 00434nam a22001457a 4500 | ||
|---|---|---|---|
| 005 | 20180723115917.0 | ||
| 020 |
_a8126115475 _c1200.00 |
||
| 035 | _aB-161578, B-161577 | ||
| 037 |
_aDPL _bENG |
||
| 245 |
_aEvolution of law and society / _cedited by S.R. Sharma |
||
| 260 |
_aNew Delhi _bAnmol Publications _c2004 |
||
| 300 |
_avii, 395p. _c20 cms. |
||
| 700 |
_aSharma, S.R. _947749 |
||
| 942 |
_2ddc _cEN _h340.115 _mEVO |
||
| 999 |
_c67048 _d67048 |
||